| 000 | 00911nas a2200313 4500 | ||
|---|---|---|---|
| 001 | BR0105170 | ||
| 003 | BR-BrBNA | ||
| 005 | 20231205102513.0 | ||
| 007 | ta | ||
| 008 | 230509b bl.|||p| |||| 00| 00por d | ||
| 040 |
_aBR-BrBNA _bpor _cBiblioteca Nacional de Agricultura |
||
| 041 | _a(Pt) | ||
| 072 | _aH20 | ||
| 100 | 1 | _aSilva, J.N. e | |
| 100 | 1 | _aPio-Ribeiro, G. | |
| 100 | 1 | _aAndrade, G.P. | |
| 245 | 1 | _aEficiencia de medidas de controle integrado contra o vira-cabeca do fumo em Arapiraca, Alagoas | |
| 650 | _aFumo | ||
| 650 | _aVira-Cabeca | ||
| 650 | _aControle Integrado | ||
| 650 | _aSementeira | ||
| 650 | _aELISA | ||
| 650 | _aErva Daninha | ||
| 650 | _aHospedeiro Vegetal | ||
| 650 | _aAlagoas | ||
| 773 | 0 |
_tFitopatologia Brasileira (Brazil) _xISSN 0100-4158 _g(Dec 2000), v. 24(4) p. 664-667 _wBR0105170 |
|
| 909 |
_a202311 _bLúcia _c55 _dLúcia Elande |
||
| 942 |
_2AGRIS _n0 _cANA |
||
| 999 |
_c167899 _d167899 |
||